|
|
|
|
| LEADER |
02312nam a22006135i 4500 |
| 001 |
978-3-540-75755-9 |
| 003 |
DE-He213 |
| 005 |
20151204140706.0 |
| 007 |
cr nn 008mamaa |
| 008 |
100301s2007 gw | s |||| 0|eng d |
| 020 |
|
|
|a 9783540757559
|9 978-3-540-75755-9
|
| 024 |
7 |
|
|a 10.1007/978-3-540-75755-9
|2 doi
|
| 040 |
|
|
|d GrThAP
|
| 050 |
|
4 |
|a QA76.9.A73
|
| 050 |
|
4 |
|a QA76.9.S88
|
| 072 |
|
7 |
|a UYD
|2 bicssc
|
| 072 |
|
7 |
|a COM032000
|2 bisacsh
|
| 072 |
|
7 |
|a COM067000
|2 bisacsh
|
| 082 |
0 |
4 |
|a 003.3
|2 23
|
| 245 |
1 |
0 |
|a Applied Parallel Computing. State of the Art in Scientific Computing
|h [electronic resource] :
|b 8th International Workshop, PARA 2006, Umeå, Sweden, June 18-21, 2006, Revised Selected Papers /
|c edited by Bo Kågström, Erik Elmroth, Jack Dongarra, Jerzy Waśniewski.
|
| 264 |
|
1 |
|a Berlin, Heidelberg :
|b Springer Berlin Heidelberg,
|c 2007.
|
| 300 |
|
|
|a LVIII, 1192 p.
|b online resource.
|
| 336 |
|
|
|a text
|b txt
|2 rdacontent
|
| 337 |
|
|
|a computer
|b c
|2 rdamedia
|
| 338 |
|
|
|a online resource
|b cr
|2 rdacarrier
|
| 347 |
|
|
|a text file
|b PDF
|2 rda
|
| 490 |
1 |
|
|a Lecture Notes in Computer Science,
|x 0302-9743 ;
|v 4699
|
| 505 |
0 |
|
|a Keynote Papers -- Minisymposia Papers -- Contributed Papers.
|
| 650 |
|
0 |
|a Computer science.
|
| 650 |
|
0 |
|a Science.
|
| 650 |
|
0 |
|a Architecture, Computer.
|
| 650 |
|
0 |
|a Software engineering.
|
| 650 |
|
0 |
|a Computers.
|
| 650 |
|
0 |
|a Algorithms.
|
| 650 |
|
0 |
|a Computer science
|x Mathematics.
|
| 650 |
1 |
4 |
|a Computer Science.
|
| 650 |
2 |
4 |
|a Computer System Implementation.
|
| 650 |
2 |
4 |
|a Theory of Computation.
|
| 650 |
2 |
4 |
|a Science, general.
|
| 650 |
2 |
4 |
|a Mathematics of Computing.
|
| 650 |
2 |
4 |
|a Software Engineering/Programming and Operating Systems.
|
| 650 |
2 |
4 |
|a Algorithm Analysis and Problem Complexity.
|
| 700 |
1 |
|
|a Kågström, Bo.
|e editor.
|
| 700 |
1 |
|
|a Elmroth, Erik.
|e editor.
|
| 700 |
1 |
|
|a Dongarra, Jack.
|e editor.
|
| 700 |
1 |
|
|a Waśniewski, Jerzy.
|e editor.
|
| 710 |
2 |
|
|a SpringerLink (Online service)
|
| 773 |
0 |
|
|t Springer eBooks
|
| 776 |
0 |
8 |
|i Printed edition:
|z 9783540757542
|
| 830 |
|
0 |
|a Lecture Notes in Computer Science,
|x 0302-9743 ;
|v 4699
|
| 856 |
4 |
0 |
|u http://dx.doi.org/10.1007/978-3-540-75755-9
|z Full Text via HEAL-Link
|
| 912 |
|
|
|a ZDB-2-SCS
|
| 912 |
|
|
|a ZDB-2-LNC
|
| 950 |
|
|
|a Computer Science (Springer-11645)
|